Strategic Marketing Planning, Implementation, and Control

Guardado en:
Detalles Bibliográficos
Autor principal: Weitz, Barton A.
Otros Autores: Wensley, Robin
Formato: Libro
Lenguaje:inglés
Publicado: Boston Kent Publ. Co. 1984
Edición:1. ed.
Materias:
Etiquetas: Agregar Etiqueta
Sin Etiquetas, Sea el primero en etiquetar este registro!

MARC

LEADER 00000nam a2200000 4500
001 c013271
005 20221207074204.7
020 |a 0-534-00971-9 
041 0 |a eng 
044 |a US 
245 1 0 |a Strategic Marketing  |b Planning, Implementation, and Control  |c Barton A. Weitz, Robin Wensley 
250 |a 1. ed. 
264 1 |a Boston  |b Kent Publ. Co.  |c 1984 
300 |a 500 s. 
610 2 0 |a marketing 
610 2 0 |a marketing strategický 
610 2 0 |a plánovanie strategické 
610 2 0 |a teória a prax 
610 2 0 |a teórie ekonomické 
610 2 0 |a kontrola 
100 1 |a Weitz, Barton A. 
700 1 |a Wensley, Robin